Bettina Stangneth, Eichmann avant Jérusalem. La vie tranquille d’un génocidaire, Traduit de l’allemand par Olivier Mannoni, Paris, Calmann-Lévy, 2016, 670 pages, 26,90 € (notice n° 1655790)
[ vue normale ]
| 000 -LEADER | |
|---|---|
| fixed length control field | 01829cam a2200157 4500500 |
| 005 - DATE AND TIME OF LATEST TRANSACTION | |
| control field | 20260208010248.0 |
| 041 ## - LANGUAGE CODE | |
| Language code of text/sound track or separate title | fre |
| 042 ## - AUTHENTICATION CODE | |
| Authentication code | dc |
| 100 10 - MAIN ENTRY--PERSONAL NAME | |
| Personal name | Brudny, Michelle-Irène |
| Relator term | author |
| 245 00 - TITLE STATEMENT | |
| Title | Bettina Stangneth, Eichmann avant Jérusalem. La vie tranquille d’un génocidaire, Traduit de l’allemand par Olivier Mannoni, Paris, Calmann-Lévy, 2016, 670 pages, 26,90 € |
| 260 ## - PUBLICATION, DISTRIBUTION, ETC. | |
| Date of publication, distribution, etc. | 2017.<br/> |
| 500 ## - GENERAL NOTE | |
| General note | 45 |
| 520 ## - SUMMARY, ETC. | |
| Summary, etc. | In comparison to most other disciplines and modes of intellectual or artistic production, philosophy has produced very little writing on the Holocaust. At the same time, there is reason to suggest that very few, if any, events have had a more determining influence on the subjects and the style of contemporary philosophy than the destruction of the European Jewry by the Nazis and their collaborators, although this influence usually lies below the surface. This is also true insofar as the philosophical community in Israel is concerned. In Israel, though, there is a relative institutional and thematic separation between so-called “general” philosophy and Jewish thought. The lines separating these two fields, which encompass research, teaching and, more generally, philosophy and theology, or religious thought, are often blurred. However, most philosophical and semi-philosophical reflections on the Holocaust are produced by scholars belonging to the latter field. In this article, we propose an overview of the primarily Hebrew-language philosophical literature, which deals with different aspects of the Holocaust. We mainly concentrate on the more secular literature. |
| 786 0# - DATA SOURCE ENTRY | |
| Note | Revue d’Histoire de la Shoah | 207 | 2 | 2017-10-01 | p. 453h-473h | 2111-885X |
| 856 41 - ELECTRONIC LOCATION AND ACCESS | |
| Uniform Resource Identifier | <a href="https://shs.cairn.info/revue-d-histoire-de-la-shoah-2017-2-page-453h?lang=fr&redirect-ssocas=7080">https://shs.cairn.info/revue-d-histoire-de-la-shoah-2017-2-page-453h?lang=fr&redirect-ssocas=7080</a> |
Pas d'exemplaire disponible.




Réseaux sociaux